| 000 | 00981cam a2200205 4500 | ||
|---|---|---|---|
| 001 | X118654 | ||
| 008 | 020702n2002 000 0 eng u | ||
| 035 | _a(Sirsi) u118654 | ||
| 100 | _aHarwood, R | ||
| 245 | _aPlanning London | ||
| 260 | _c2002 | ||
| 490 |
_aJournal of Planning and Environment Law _vMay 2002, 520-527(8) |
||
| 520 | _aOutlines composition and workings of Greater London Authority. Explains function of Spatial Development Strategy and considers Mayor's power to directly refuse a planning application. Discusses concern for planning authority probity when dealing with planning issues. Considers effect of Secretary of State's right to intervene in order to prevent a local planning authority from acting on Mayor's direction. | ||
| 650 | _aGREATER LONDON AUTHORITY | ||
| 650 | _aGLA | ||
| 650 | _aSPATIAL DEVELOPMENT STRATEGY | ||
| 650 | _aPLANNING APPLICATIONS | ||
| 690 | _aENVIRONMENTAL AND LAND CONSULTANCY-PLANNING AND DEVELOPMENT | ||
| 942 | _n0 | ||
| 999 |
_c70660 _d70660 |
||